000 01258nam a2200325 a 4500
001 BRCA_3393
005 20190320204247.0
041 _aeng
044 _aenk
084 _a682
_b.H37
_c1908
100 1 _aCervantes Saavedra, Miguel de
_d1547-1616
_9213
245 1 0 _aStories from Don Quixote
_cRetold by H. L. Havell.
260 _aLondres
_bGeorge G. Harrap and Co.
_c1908
300 _axix, 232 p.
_bil.
_c19 cm.
440 0 _aTold Through the Ages
_98916
500 _aContenido : Texto compendiado de la novela
500 _aEdición : With 16 Illustrations by Ernest Marriott
500 _aTexto compendiado de la novela por H. L. Havell; con ilustraciones de E. Marriott. Piel; lomo y plano adornados con dorados Lúdovik Osterc
500 _aQMB7
546 _aTexto en : inglés
650 1 4 _aNovela española
_yÉpoca clásica, 1500-1700
_9215
650 1 4 _aLiteratura española
_yÉpoca clásica, 1500-1700
_9216
650 1 4 _aNovela española
_ySiglo XVII
_9217
650 1 4 _aDon Quijote (Personaje ficticio)
_eNovela
_9218
700 1 _aHavell, Herbert Lord
_d?-1913
_eEditor
_98917
700 1 _aMarriott, Ernest
_d1882-1918
_eIlustrador
_98918
740 0 _aEl Ingenioso Hidalgo Don Quijote de la Mancha
902 _aQFM
942 _2lcc
_cB
999 _c3129
_d3129